'B' Entertainment Images Quiz Stats

 Plays Quiz Updated Dec 12, 2018

Score 0/30 Timer 04:00
5 Plays Today
% Correct
_________________
100%
_________________
99.9%
_________________
99.9%
_________________
99.9%
_________________
99.9%
_________________
99.9%
Buffy Summers
80.9%
Beavis and Butthead
79.9%
Batman
72.1%
Big Daddy
70.2%
Beauty and the Beast
68.9%
Brian Griffin
67.8%
Bluto
57.5%
Beaver Cleaver
52.8%
Blondie
48.3%
% Correct
Blanche Devereaux
47.6%
Beetle Bailey
43.1%
Boris Badenov
39.1%
Betty Draper
37.1%
Brenda Walsh
36.2%
The Book of Mormon
32.1%
Big Trouble in Little China
31.5%
The Boondocks
30.8%
Bedknobs and Broomsticks
29.3%
Benjamin Linus
28.4%
Bill Compton
24.1%
Big Top Pee-wee
23.1%
Bye Bye Birdie
16.5%
Big Fan
10.1%
'Bunk' Moreland
8.6%

You're not logged in!

Compare scores with friends on all Sporcle quizzes.
OR
Log In

Sporcle TV

Today on Sporcle TV


Watch our educational content, quiz creation guides, and fun videos on Sporcle TV.

Show Comments

Extras

Top Quizzes Today


Score Distribution

Your Account Isn't Verified!

In order to create a playlist on Sporcle, you need to verify the email address you used during registration. Go to your Sporcle Settings to finish the process.

Report this User

Report this user for behavior that violates our Community Guidelines.

Details: